| 000 | 01109cam a2200337 a 4500 | ||
|---|---|---|---|
| 001 | 22476 | ||
| 003 | BD-RjUL | ||
| 005 | 20211209000818.0 | ||
| 008 | 140308r19561955enk 001 0 eng | ||
| 035 | _a(BD-RjUL)22541 | ||
| 035 | _a1126308 | ||
| 040 |
_aWAPLP _beng _cWAPLP _dNU _dBD-RjUL |
||
| 041 | 1 | _aengchi | |
| 082 | 1 | 4 |
_a895.11 _219 _bCHN |
| 100 | 1 |
_aCh`u, Yuan, _dapproximately 343 B.C.-approximately 277 B.C. _969411 |
|
| 245 | 1 | 4 |
_aThe nine songs : _ba study of shamanism in ancient China / _c[translated, annotated and edited by] Arthur Waley. |
| 246 | 3 | _a9 songs | |
| 260 |
_aLondon : _bG. Allen and Unwin, _c1955 [impression 1956] |
||
| 300 |
_a64 p. ; _c23 cm. |
||
| 500 | _aAttributed to Ch`u Yuan. | ||
| 504 | _aIncludes bibliographical references and index. | ||
| 650 | 0 |
_aShamanism. _969412 |
|
| 650 | 0 |
_aShamanism _zChina. _969413 |
|
| 650 | 0 |
_aChinese poetry _xTranslations into English. _969414 |
|
| 650 | 0 |
_aEnglish poetry. _969415 |
|
| 651 | 0 |
_aChina _xReligion. _969416 |
|
| 700 | 1 |
_aWaley, Arthur. _920012 |
|
| 942 |
_2ddc _cBK |
||
| 999 |
_c22476 _d22476 |
||